00785nam a2200181 a 450000100060000000300090000600800410001502000150005604000280007108200160009910000210011524500310013625000060016726000480017330000110022150503460023265000250057816304CO-ViMGA141112s2004 ck r 000 u spa d a8480193166 aCO-ViMGAbspacCO-ViMGA04a633.7 O737p1 aOtero Aira, Luis10aLas plantas alucinógenas a4 aBarcelona (España) : bPaidotribo, c2001 a224.p. aLas solanáceas : Yerbas usadas por las brujas La Marihuana y sus imitadoras La coca trae cola. Imitaciones legales de la cocaina Herbal extasis. Al XTC por la vía vegetal Mescalina y LSD Ayahuasca y plantas triptamínicas Adormidera, opio y sucedáneos : Zipeprol, zacatechichi, triptófano y lechuga silvestre Los falsos psicoactivos14aPLANTAS ALUCINOGENAS